[Event "RUS-ch Higher League (Women) 75th"]
[Site "Lipetsk"]
[Date "2025.07.02"]
[Round "6"]
[White "Dubnikova, Anastasia"]
[Black "Nechaeva, Marina"]
[Result "0-1"]
[WhiteElo "2095"]
[BlackElo "2313"]
[PlyCount "105"]
[EventDate "2025.06.26"]
[EventType "swiss"]
[EventRounds "9"]
[EventCountry "RUS"]
[SourceTitle "CB28_2025"]
[SourceDate "2025.07.09"]
[SourceVersion "1"]
[SourceVersionDate "2025.07.09"]
[SourceQuality "1"]

1. d4 d5 2. Nf3 Nf6 3. g3 e6 4. Bg2 Be7 5. 0-0 0-0 6. c4 c6 7. Qc2 b6 8. Rd1 Bb7 9. Nc3 Nbd7 10. e4 dxc4 11. a4 a5 12. e5 Nd5 13. Ne4 h6 14. Qxc4 Ba6 15. Qb3 Rc8 16. g4 c5 17. g5 cxd4 18. Rxd4 hxg5 19. Bxg5 Nxe5 20. Bxe7 Nxf3+ 21. Qxf3 Qxe7 22. Qg3 Rc4 23. Rxc4 Bxc4 24. Nd6 Ba6 25. Re1 Rd8 26. Ne4 Qb4 27. f4 Bd3 28. f5 exf5 29. Ng5 f4 30. Qh4 Ne3 31. Ne4 Qd4 32. Nf2 Nxg2 33. Kxg2 Bg6 34. Kf3 Rc8 35. Qxf4 Qxb2 36. h4 Rc5 37. Kg2 Rf5 38. Re8+ Kh7 39. Qe3 Qf6 40. Rc8 Qxh4 41. Rc3 Qg5+ 42. Qxg5 Rxg5+ 43. Kf3 b5 44. axb5 Rxb5 45. Rc6 a4 46. Ra6 Bc2 47. Rc6 Bb3 48. Ra6 g6 49. Nd3 Bc4 50. Ke4 Rb3 51. Rxa4 Bxd3+ 52. Ke5 Kg7 53. Kd4 0-1

[Event "RUS-ch Higher League (Women) 75th"]
[Site "Lipetsk"]
[Date "2025.06.29"]
[Round "4"]
[White "Dubnikova, Anastasia"]
[Black "Getman, Tatyana"]
[Result "1-0"]
[WhiteElo "2095"]
[BlackElo "2223"]
[PlyCount "133"]
[EventDate "2025.06.26"]
[EventType "swiss"]
[EventRounds "9"]
[EventCountry "RUS"]
[SourceTitle "CB28_2025"]
[SourceDate "2025.07.09"]
[SourceVersion "1"]
[SourceVersionDate "2025.07.09"]
[SourceQuality "1"]

1. d4 Nf6 2. c4 e6 3. Nc3 Bb4 4. f3 c5 5. d5 b5 6. e4 d6 7. Nge2 bxc4 8. a3 Ba5 9. Nf4 e5 10. Nfe2 Nh5 11. Kf2 0-0 12. g4 Qh4+ 13. Kg1 Bxc3 14. bxc3 Bxg4 15. fxg4 Qxg4+ 16. Bg2 f5 17. h3 Qg6 18. Kh2 fxe4 19. Rf1 Nd7 20. Be3 Rxf1 21. Qxf1 Rf8 22. Qc1 Nb6 23. Qd2 Nf6 24. Ng3 Nfxd5 25. Bxe4 Qe6 26. Rf1 Rxf1 27. Nxf1 Nf6 28. Bg2 Nbd7 29. Qf2 Qe7 30. Bg5 e4 31. Qf5 g6 32. Qf4 d5 33. Ne3 Qe6 34. Bxf6 Nxf6 35. Qb8+ Kg7 36. Qxa7+ Kh6 37. Qb8 Qe7 38. Qf4+ Kg7 39. Qg5 Qe6 40. Qg3 d4 41. cxd4 cxd4 42. Qc7+ Kh6 43. Nxc4 e3 44. Nb2 e2 45. Qc1+ g5 46. Nd3 Qd6+ 47. Kh1 Nd5 48. Bxd5 Qxd5+ 49. Kh2 Qe4 50. Ne1 Kh5 51. Qd2 Kg6 52. a4 Kf6 53. a5 h5 54. Kg1 g4 55. hxg4 hxg4 56. Kf2 Qe5 57. a6 g3+ 58. Kg1 d3 59. Nxd3 Qd4+ 60. Kg2 Kg7 61. Qxe2 Qd5+ 62. Kg1 Qd4+ 63. Kg2 Qd5+ 64. Kxg3 Kh7 65. Nf4 Qg8+ 66. Kf3 Qb3+ 67. Qd3+ 1-0

[Event "RUS-ch Higher League (Women) 75th"]
[Site "Lipetsk"]
[Date "2025.06.26"]
[Round "1"]
[White "Bodnaruk, Anastasia"]
[Black "Dubnikova, Anastasia"]
[Result "0-1"]
[WhiteElo "2357"]
[BlackElo "2095"]
[PlyCount "73"]
[EventDate "2025.06.26"]
[EventType "swiss"]
[EventRounds "9"]
[EventCountry "RUS"]
[SourceTitle "CB28_2025"]
[SourceDate "2025.07.09"]
[SourceVersion "1"]
[SourceVersionDate "2025.07.09"]
[SourceQuality "1"]

1. e4 e6 2. d4 d5 3. Nc3 Nf6 4. e5 Nfd7 5. f4 c5 6. Nf3 Nc6 7. Be3 a6 8. a3 cxd4 9. Nxd4 Bc5 10. Nce2 0-0 11. g3 Qe7 12. Bh3 Nxd4 13. Nxd4 f6 14. Bxe6+ Kh8 15. exf6 Rxf6 16. f5 Nf8 17. 0-0 Nxe6 18. fxe6 Bxe6 19. Re1 Bh3 20. Qd2 Raf8 21. Bf4 Qd7 22. c3 Qg4 23. Kh1 Bxd4 24. cxd4 h6 25. Qe2 Qxe2 26. Rxe2 Kg8 27. Re7 g5 28. Be3 b6 29. Bg1 a5 30. Rc1 R8f7 31. Rcc7 Bf5 32. h4 Be4+ 33. Kh2 Rxe7 34. Rxe7 g4 35. Rc7 Rf1 36. Rc6 Rd1 37. Rf6 0-1

[Event "RUS-ch Higher League (Women) 74th"]
[Site "Nizhnij Novgorod"]
[Date "2024.07.04"]
[Round "8"]
[White "Dubnikova, Anastasia"]
[Black "Chervyakova, Tatiana"]
[Result "1-0"]
[WhiteElo "2073"]
[BlackElo "1946"]
[PlyCount "79"]
[EventDate "2024.06.26"]
[EventType "swiss"]
[EventRounds "9"]
[EventCountry "RUS"]
[SourceTitle "EXT 2025"]
[Source "ChessBase"]
[SourceDate "2024.10.14"]
[SourceVersion "1"]
[SourceVersionDate "2024.10.14"]
[SourceQuality "1"]

1. d4 Nf6 2. c4 e6 3. Nc3 c5 4. d5 exd5 5. cxd5 d6 6. e4 g6 7. Nf3 Bg7 8. Bd3 0-0 9. h3 b5 10. Nxb5 Ba6 11. Nc3 Qa5 12. 0-0 Bxd3 13. Qxd3 Na6 14. Bf4 Rfd8 15. a3 Nc7 16. Nd2 Nfe8 17. Nb3 Qa6 18. Qxa6 Nxa6 19. Na5 Rd7 20. Rab1 Rb8 21. Nc6 Rb3 22. Na5 Rb8 23. Rfd1 f6 24. Bg3 Bf8 25. f4 g5 26. Nc6 Rb3 27. fxg5 fxg5 28. e5 dxe5 29. Nxe5 Rd8 30. Nc6 Rd7 31. Na5 Rb6 32. Nc4 Rb3 33. Na5 Rb6 34. Ne4 h6 35. d6 Bg7 36. Nc4 Rb3 37. Be5 Bf8 38. Bc3 Bg7 39. Bxg7 Kxg7 40. Ne5 1-0

[Event "RUS-chT (Women)"]
[Site "Sochi"]
[Date "2024.05.01"]
[Round "1.8"]
[White "Bragina, Anna"]
[Black "Dubnikova, Anastasia"]
[Result "1-0"]
[WhiteElo "1663"]
[BlackElo "2095"]
[PlyCount "75"]
[EventDate "2024.05.01"]
[EventType "team-swiss"]
[EventRounds "9"]
[EventCountry "RUS"]
[SourceTitle "CBM 220 Extra"]
[Source "ChessBase"]
[SourceDate "2024.07.31"]
[SourceVersion "1"]
[SourceVersionDate "2024.07.31"]
[SourceQuality "1"]
[WhiteTeam "Novosibirsk GAU (W)"]
[BlackTeam "Sverdlovsk Region (W)"]
[WhiteTeamCountry "RUS"]
[BlackTeamCountry "RUS"]

1. d4 d5 2. c4 e6 3. Nf3 a6 4. Bg5 Be7 5. Bxe7 Nxe7 6. Nbd2 0-0 7. g3 Nd7 8. Rc1 dxc4 9. Rxc4 b5 10. Rc1 Bb7 11. Bg2 e5 12. Qc2 Ng6 13. 0-0 Rc8 14. dxe5 Qe7 15. Ne4 Ndxe5 16. Nxe5 Qxe5 17. Nf6+ Qxf6 18. Bxb7 Rb8 19. Bg2 c5 20. b3 Rfc8 21. Rfd1 h6 22. Qc3 Qe6 23. e3 Ne7 24. Rd2 c4 25. bxc4 Rxc4 26. Qb2 Rxc1+ 27. Qxc1 Rc8 28. Qd1 Ng6 29. Rd6 Qxa2 30. Bd5 Qb2 31. Bxf7+ Kf8 32. Qg4 Qb1+ 33. Kg2 Ne7 34. Bg6 Qb3 35. Qd7 Nxg6 36. Qxc8+ Kf7 37. Qf5+ Ke7 38. Rxg6 1-0

[Event "RUS-ch U20 Girls"]
[Site "Ekaterinburg"]
[Date "2024.04.11"]
[Round "5"]
[White "Dubnikova, Anastasia"]
[Black "Shubenkova, Veronika"]
[Result "0-1"]
[WhiteElo "2066"]
[BlackElo "2113"]
[PlyCount "102"]
[EventDate "2024.04.07"]
[EventType "tourn"]
[EventRounds "9"]
[EventCountry "RUS"]
[SourceTitle "CBM 219 Extra"]
[Source "ChessBase"]
[SourceDate "2024.05.31"]
[SourceVersion "1"]
[SourceVersionDate "2024.05.31"]
[SourceQuality "1"]

1. e4 c6 2. d4 d5 3. e5 Bf5 4. Nd2 a6 5. Nb3 e6 6. h4 h6 7. g4 Be4 8. f3 Bh7 9. Be3 Nd7 10. Bd3 Bxd3 11. Qxd3 h5 12. 0-0-0 g6 13. Ne2 Bh6 14. Rdf1 Qe7 15. Nf4 hxg4 16. fxg4 Bxf4 17. Bxf4 Rxh4 18. Qe3 Rxh1 19. Rxh1 0-0-0 20. Rh7 Rf8 21. a3 Qe8 22. g5 Ne7 23. Qh3 b6 24. Nd2 Nf5 25. Nf3 c5 26. Kb1 Kb7 27. Bd2 cxd4 28. Bb4 Nc5 29. Nh4 Ka8 30. Nxf5 exf5 31. Qf1 Qb5 32. Qf3 Qc6 33. Qh1 Qe6 34. Qd1 Qxe5 35. Rh1 Re8 36. Re1 Ne4 37. a4 a5 38. Qd3 axb4 39. Qa6+ Kb8 40. Qxb6+ Kc8 41. Qa6+ Kd7 42. Qb5+ Kd8 43. Qa5+ Qc7 44. Qxd5+ Qd6 45. Qa8+ Ke7 46. Qb7+ Ke6 47. a5 Rb8 48. Qa7 b3 49. cxb3 d3 50. a6 d2 51. Rd1 Qb6 0-1

[Event "RUS-ch U20 Girls"]
[Site "Ekaterinburg"]
[Date "2024.04.08"]
[Round "2"]
[White "Mikheeva, Galina"]
[Black "Dubnikova, Anastasia"]
[Result "0-1"]
[WhiteElo "2027"]
[BlackElo "2066"]
[PlyCount "98"]
[EventDate "2024.04.07"]
[EventType "tourn"]
[EventRounds "9"]
[EventCountry "RUS"]
[SourceTitle "CBM 219 Extra"]
[Source "ChessBase"]
[SourceDate "2024.05.31"]
[SourceVersion "1"]
[SourceVersionDate "2024.05.31"]
[SourceQuality "1"]

1. e4 c5 2. Nf3 d6 3. Bb5+ Nc6 4. 0-0 Bd7 5. Re1 Nf6 6. c3 a6 7. Bf1 Bg4 8. d4 cxd4 9. cxd4 Bxf3 10. gxf3 d5 11. e5 Nh5 12. e6 fxe6 13. Nc3 e5 14. f4 g6 15. fxe5 e6 16. Qg4 Ng7 17. Bd3 Qb6 18. Be3 0-0-0 19. Rac1 Nf5 20. Na4 Qa5 21. Qd1 Kd7 22. a3 b5 23. Rxc6 Kxc6 24. Qc2+ Kd7 25. Rc1 Ke8 26. Qc6+ Kf7 27. Nb6 Be7 28. Bxf5 gxf5 29. Qc7 Rhg8+ 30. Kh1 Rb8 31. Nxd5 Qxc7 32. Nxc7 Rbc8 33. d5 exd5 34. e6+ Kg6 35. Rd1 Rxc7 36. Rg1+ Kf6 37. Rxg8 Kxe6 38. Ra8 Rc6 39. Kg2 Bf6 40. b3 d4 41. Bf4 Kd5 42. f3 d3 43. Ra7 Kd4 44. Rxh7 Kc3 45. Rd7 Kc2 46. a4 b4 47. Be3 Bc3 48. Kf2 Re6 49. f4 Rh6 0-1

[Event "RUS Cup tt (Women)"]
[Site "Sochi"]
[Date "2023.11.30"]
[Round "4.4"]
[White "Dubnikova, Anastasia"]
[Black "Charochkina, Daria"]
[Result "0-1"]
[WhiteElo "2081"]
[BlackElo "2301"]
[PlyCount "164"]
[EventDate "2023.11.27"]
[EventType "team-tourn"]
[EventRounds "7"]
[EventCountry "RUS"]
[SourceTitle "CBM 217 Extra"]
[Source "ChessBase"]
[SourceDate "2024.01.31"]
[SourceVersion "1"]
[SourceVersionDate "2024.01.31"]
[SourceQuality "1"]
[WhiteTeam "Sima Lend (W)"]
[BlackTeam "Korporatsiya M (W)"]
[WhiteTeamCountry "RUS"]
[BlackTeamCountry "RUS"]

1. d4 e6 2. Nf3 c5 3. g3 Nc6 4. Bg2 Nf6 5. c4 cxd4 6. Nxd4 Bb4+ 7. Nc3 a6 8. 0-0 0-0 9. Nxc6 bxc6 10. Qa4 Bc5 11. b4 Bd4 12. Bb2 Rb8 13. e3 Be5 14. c5 a5 15. a3 Ba6 16. Rfd1 Nd5 17. Nxd5 Bxb2 18. Rab1 exd5 19. Rxb2 Qf6 20. Rd4 Bc4 21. Qxa5 Ra8 22. Qc7 Rxa3 23. h4 Rd3 24. Qf4 Rxd4 25. Qxd4 Qxd4 26. exd4 Ra8 27. Rb1 Kf8 28. Bf1 Ra3 29. Bxc4 dxc4 30. Rc1 c3 31. Kf1 Rb3 32. Ke2 Rxb4 33. Kd3 Rb2 34. Rc2 Ke7 35. Kxc3 Rb1 36. Re2+ Kd8 37. Kd3 Rd1+ 38. Ke4 h5 39. Ke5 Ke7 40. Kf5+ Kf8 41. Re4 Rd2 42. f3 Rd3 43. Kf4 f6 44. g4 hxg4 45. fxg4 Kf7 46. h5 g5+ 47. hxg6+ Kxg6 48. Re7 Rxd4+ 49. Ke3 Rxg4 50. Rxd7 Rc4 51. Rd8 Rxc5 52. Ke4 Kf7 53. Kd4 Rc1 54. Ra8 Ke6 55. Re8+ Kd6 56. Rd8+ Kc7 57. Rf8 Rd1+ 58. Kc4 Rf1 59. Kd4 Rd1+ 60. Kc4 Rd6 61. Rf7+ Kb6 62. Rf8 Re6 63. Kd4 c5+ 64. Kd5 Re5+ 65. Kc4 Re4+ 66. Kd3 Rf4 67. Ke3 Rf1 68. Ke2 Rf5 69. Kd3 Rd5+ 70. Kc3 f5 71. Rf6+ Kb5 72. Rf8 Re5 73. Rb8+ Kc6 74. Kd3 Rd5+ 75. Kc3 Kd6 76. Re8 Rd4 77. Rf8 Ke5 78. Rc8 Rd5 79. Kc4 Ke4 80. Rf8 Re5 81. Kc3 f4 82. Kd2 Kf3 0-1

[Event "RUS-ch U20 Girls"]
[Site "Moscow"]
[Date "2023.04.25"]
[Round "7"]
[White "Karmanova, Olga Dm"]
[Black "Dubnikova, Anastasia"]
[Result "1/2-1/2"]
[WhiteElo "2030"]
[BlackElo "2108"]
[PlyCount "88"]
[EventDate "2023.04.19"]
[EventType "tourn"]
[EventRounds "9"]
[EventCountry "RUS"]
[SourceTitle "CBM 213 Extra"]
[Source "ChessBase"]
[SourceDate "2023.05.31"]
[SourceVersion "1"]
[SourceVersionDate "2023.05.31"]
[SourceQuality "1"]

1. d4 c5 2. d5 e5 3. e4 d6 4. Nc3 Be7 5. Nf3 Bg4 6. Be3 a6 7. a4 Bxf3 8. Qxf3 Bg5 9. Be2 Bxe3 10. Qxe3 Ne7 11. 0-0 0-0 12. Rad1 Nd7 13. g3 Rb8 14. f4 exf4 15. gxf4 Ng6 16. f5 Nge5 17. Kh1 c4 18. Rf4 b5 19. axb5 axb5 20. Rg1 Kh8 21. Bd1 b4 22. Ne2 Ra8 23. Qh3 g5 24. Rff1 g4 25. Qe3 Qh4 26. Ng3 f6 27. Rg2 Ra2 28. b3 c3 29. Ne2 Rfa8 30. Nd4 Ra1 31. Rfg1 Rg8 32. Qf4 Qg5 33. Qxg5 Rxg5 34. Be2 Rxg1+ 35. Kxg1 h5 36. Kf2 Rg8 37. Ke3 Ra8 38. Kf4 Nc5 39. h3 Ra1 40. hxg4 hxg4 41. Bxg4 Rh1 42. Rg3 Re1 43. Be2 Rh1 44. Bg4 Re1 1/2-1/2

[Event "RUS-ch U20 Girls"]
[Site "Moscow"]
[Date "2023.04.22"]
[Round "4"]
[White "Dubnikova, Anastasia"]
[Black "Kleymenova, Valeria"]
[Result "0-1"]
[WhiteElo "2108"]
[BlackElo "2057"]
[PlyCount "108"]
[EventDate "2023.04.19"]
[EventType "tourn"]
[EventRounds "9"]
[EventCountry "RUS"]
[SourceTitle "CBM 213 Extra"]
[Source "ChessBase"]
[SourceDate "2023.05.31"]
[SourceVersion "1"]
[SourceVersionDate "2023.05.31"]
[SourceQuality "1"]

1. c4 e6 2. e4 d5 3. cxd5 exd5 4. exd5 Nf6 5. Bb5+ Nbd7 6. Nc3 Be7 7. Nf3 0-0 8. d4 Nb6 9. h3 Nbxd5 10. 0-0 Bf5 11. Re1 c6 12. Bc4 Re8 13. Bg5 Nxc3 14. bxc3 Nd5 15. Bd2 Bf6 16. Rxe8+ Qxe8 17. Qb3 Qd7 18. Re1 Nb6 19. Bf1 Be6 20. c4 Bxd4 21. Nxd4 Qxd4 22. Bc3 Qd7 23. Ba1 f6 24. Qg3 Qf7 25. c5 Nd5 26. a3 Re8 27. Bd3 Qh5 28. Kh2 Qg5 29. Qxg5 fxg5 30. Re5 h6 31. g3 Kf7 32. Re1 Nf6 33. Bc3 Rd8 34. Bc2 Bd5 35. f4 g4 36. Rd1 Re8 37. Bd3 b6 38. cxb6 axb6 39. Bxf6 Kxf6 40. hxg4 Re3 41. Bf1 Rxa3 42. Kh3 Ra2 43. Re1 b5 44. Be2 g5 45. fxg5+ Kxg5 46. Bf1 Rf2 47. Re5+ Kf6 48. Re1 b4 49. Bd3 b3 50. Re8 Rd2 51. Bh7 Bg2+ 52. Kh4 Be4 53. g5+ hxg5+ 54. Kh5 Bf3+ 0-1

[Event "RUS-ch U20 Girls"]
[Site "Moscow"]
[Date "2023.04.21"]
[Round "3"]
[White "Getman, Tatyana"]
[Black "Dubnikova, Anastasia"]
[Result "0-1"]
[WhiteElo "2216"]
[BlackElo "2108"]
[PlyCount "90"]
[EventDate "2023.04.19"]
[EventType "tourn"]
[EventRounds "9"]
[EventCountry "RUS"]
[SourceTitle "CBM 213 Extra"]
[Source "ChessBase"]
[SourceDate "2023.05.31"]
[SourceVersion "1"]
[SourceVersionDate "2023.05.31"]
[SourceQuality "1"]

1. d4 e6 2. c4 Bb4+ 3. Nc3 b6 4. Bd2 Bb7 5. a3 Bxc3 6. Bxc3 Nf6 7. Nf3 0-0 8. e3 d6 9. Be2 Ne4 10. Rc1 Nd7 11. 0-0 e5 12. d5 f5 13. b4 Rf6 14. Nd2 Nxc3 15. Rxc3 Rh6 16. e4 fxe4 17. Bg4 Nf6 18. Be6+ Kh8 19. Re1 a5 20. Bf5 axb4 21. axb4 Ra2 22. Bxe4 Bc8 23. Nf1 Ng4 24. Rf3 Nf6 25. Qb1 Ra4 26. Bc2 Ra8 27. Ng3 Bg4 28. Rc3 Bd7 29. Bf5 g6 30. Bxd7 Qxd7 31. Rf3 Qg7 32. Qc1 Nh5 33. Ne4 Nf4 34. g3 Nh3+ 35. Kg2 g5 36. c5 bxc5 37. bxc5 Rg8 38. cxd6 cxd6 39. Qa3 g4 40. Rf5 Qd7 41. Rf6 Rxf6 42. Nxf6 Qf5 43. Ne4 Rf8 44. Qe3 Qg6 45. Qa3 Qxe4+ 0-1

[Event "RUS-ch U20 Girls"]
[Site "Sochi"]
[Date "2022.04.25"]
[Round "5"]
[White "Nasyrova, Ekaterina"]
[Black "Dubnikova, Anastasia"]
[Result "1-0"]
[WhiteElo "2109"]
[BlackElo "2272"]
[PlyCount "85"]
[EventDate "2022.04.21"]
[EventType "tourn"]
[EventRounds "9"]
[EventCountry "RUS"]
[SourceTitle "CBM 208 Extra"]
[Source "ChessBase"]
[SourceDate "2022.07.31"]
[SourceVersion "1"]
[SourceVersionDate "2022.07.31"]
[SourceQuality "1"]

1. d4 e6 2. c4 b6 3. f3 f5 4. Nc3 Bb7 5. Nh3 Bb4 6. e3 c5 7. a3 Ba5 8. Bd2 Nh6 9. b4 cxb4 10. Nb5 Qe7 11. Nc7+ Kf7 12. Nxa8 Bxa8 13. axb4 Bxb4 14. Rxa7 Nc6 15. Ra2 Bd6 16. Bc3 Rc8 17. Be2 Qh4+ 18. Nf2 Qg5 19. f4 Qh4 20. 0-0 Qe7 21. Bf3 Qf8 22. Qd2 Ne7 23. Bxa8 Rxa8 24. Rb1 Bc7 25. Bb4 Qc8 26. d5 Rxa2 27. Qxa2 Bd8 28. Ra1 Ke8 29. Bc3 g6 30. Bd4 Nf7 31. Nd3 exd5 32. cxd5 Qb7 33. Nb4 Nd6 34. Be5 Nec8 35. Qa8 Qc7 36. Qa3 Qc5 37. Qc3 Qxc3 38. Bxc3 Nc4 39. Ra8 N4d6 40. g4 b5 41. Bd4 Ke7 42. Bc5 Ke8 43. g5 1-0

[Event "RUS-ch U20 Girls"]
[Site "Sochi"]
[Date "2022.04.23"]
[Round "3"]
[White "Dubnikova, Anastasia"]
[Black "Zhapova, Yana"]
[Result "0-1"]
[WhiteElo "2272"]
[BlackElo "2171"]
[PlyCount "158"]
[EventDate "2022.04.21"]
[EventType "tourn"]
[EventRounds "9"]
[EventCountry "RUS"]
[SourceTitle "CBM 208 Extra"]
[Source "ChessBase"]
[SourceDate "2022.07.31"]
[SourceVersion "1"]
[SourceVersionDate "2022.07.31"]
[SourceQuality "1"]

1. c4 e6 2. e4 d5 3. exd5 exd5 4. cxd5 Nf6 5. Nc3 Nxd5 6. Nf3 Be7 7. d4 Bf5 8. Bc4 Nb6 9. Bb3 N8d7 10. 0-0 0-0 11. Re1 Re8 12. a4 a5 13. Bf4 c6 14. Ne5 Nxe5 15. Rxe5 Bg6 16. d5 Nd7 17. Re1 Nc5 18. Bc4 Bf6 19. Be3 Ne4 20. Qb3 Nxc3 21. bxc3 cxd5 22. Bxd5 Bxc3 23. Bxf7+ Bxf7 24. Qxc3 Qc8 25. Qd4 Qf5 26. Red1 Qe4 27. Qd7 Be6 28. Qb5 Bc4 29. Qg5 Bd3 30. Bd2 Qf5 31. Qg3 Qg6 32. Bg5 Be4 33. h4 h6 34. Rd6 Re6 35. h5 Qf7 36. Rxe6 Qxe6 37. Bd2 Rd8 38. Bc3 Qf7 39. Qh4 Re8 40. Qg3 Bc6 41. Rd1 Re7 42. Rd8+ Kh7 43. Qd3+ Be4 44. Qd6 Bc6 45. f4 Re6 46. Qd3+ Be4 47. Qd4 Bc6 48. f5 Re4 49. Qd6 Qxf5 50. Rf8 Qg5 51. Qd3 Qc5+ 52. Rf2 Qxh5 53. Rf3 Qd5 54. Qxd5 Bxd5 55. Rf5 Bc6 56. Bxa5 Rxa4 57. g3 Ra2 58. Bc7 Rg2+ 59. Kf1 Rc2 60. Rf7 Rc5 61. Re7 Rd5 62. Bb6 Rd6 63. Bc5 Rf6+ 64. Kg1 Kg6 65. Kh2 Rf1 66. Bg1 Rd1 67. Rc7 Rd2+ 68. Kh3 Rd3 69. Kg4 Kf6 70. Bf2 g6 71. Bc5 h5+ 72. Kh3 Rd5 73. Be7+ Kf5 74. Bb4 Rd1 75. g4+ hxg4+ 76. Kg3 Rb1 77. Bd6 Rb2 78. Rg7 g5 79. Rf7+ Ke6 0-1

[Event "RUS-ch U20 Girls"]
[Site "Sochi"]
[Date "2022.04.22"]
[Round "2"]
[White "Goltseva, Ekaterina"]
[Black "Dubnikova, Anastasia"]
[Result "1/2-1/2"]
[WhiteElo "2327"]
[BlackElo "2272"]
[PlyCount "82"]
[EventDate "2022.04.21"]
[EventType "tourn"]
[EventRounds "9"]
[EventCountry "RUS"]
[SourceTitle "CBM 208 Extra"]
[Source "ChessBase"]
[SourceDate "2022.07.31"]
[SourceVersion "1"]
[SourceVersionDate "2022.07.31"]
[SourceQuality "1"]

1. Nf3 e6 2. c4 b6 3. g3 Bb7 4. Bg2 f5 5. Nc3 Nf6 6. 0-0 Be7 7. d4 0-0 8. Qc2 Ne4 9. Ne5 Nd6 10. Bxb7 Nxb7 11. e4 Nd6 12. exf5 Rxf5 13. f4 Nc6 14. Nxc6 dxc6 15. Qe2 Qd7 16. Be3 Raf8 17. Rad1 R5f6 18. Bf2 Rg6 19. Kh1 Qc8 20. c5 Nf5 21. b4 Qd7 22. Qe4 Nh6 23. Bg1 Rf5 24. Rfe1 Bf8 25. Qf3 Rf7 26. b5 cxb5 27. c6 Qc8 28. Nxb5 Nf5 29. Re5 a6 30. Nc3 Bd6 31. Re2 b5 32. Ne4 Be7 33. Nf2 Bd6 34. Nd3 Rf8 35. Rde1 Kh8 36. Bf2 Ne7 37. Qe4 Qa8 38. Rc2 Rh6 39. Qg2 Qd8 40. Rce2 Qc8 41. Be3 Rg6 1/2-1/2

[Event "Speed Chess (Women) Q1"]
[Site "Chess.com INT"]
[Date "2021.05.28"]
[Round "1"]
[White "Pourkashiyan, Atousa"]
[Black "Dubnikova, Anastasia"]
[Result "1/2-1/2"]
[WhiteElo "2322"]
[BlackElo "2197"]
[PlyCount "114"]
[EventDate "2021.05.28"]
[EventType "swiss (blitz)"]
[EventRounds "9"]
[EventCountry "USA"]
[SourceTitle "CBM 202 Extra"]
[Source "ChessBase"]
[SourceDate "2021.07.31"]
[SourceVersion "1"]
[SourceVersionDate "2021.07.31"]
[SourceQuality "1"]

1. e4 e6 2. d4 d5 3. Nd2 c5 4. exd5 exd5 5. Ngf3 Nc6 6. Bb5 Bd6 7. dxc5 Bxc5 8. 0-0 Nge7 9. Nb3 Bd6 10. Re1 0-0 11. h3 Bf5 12. c3 a6 13. Bd3 Bxd3 14. Qxd3 Qd7 15. Be3 Rae8 16. Rad1 Bb8 17. Bc5 Qc7 18. g3 h6 19. Kg2 Ba7 20. Bxa7 Nxa7 21. Nbd4 Nac6 22. Nxc6 bxc6 23. Qxa6 Ra8 24. Qe2 Ng6 25. a3 Rfb8 26. Rd2 Rb6 27. h4 Rab8 28. h5 Nf8 29. Nd4 Qd8 30. a4 Ra8 31. b3 c5 32. Nb5 Ne6 33. Red1 Qg5 34. Qe3 Qxe3 35. fxe3 c4 36. bxc4 dxc4 37. Rd6 Rxd6 38. Rxd6 Rxa4 39. g4 Ra5 40. Nd4 Ra3 41. Ne2 Ra2 42. Kf1 Ng5 43. Rd4 Nf3 44. Rd8+ Kh7 45. Nf4 Nh2+ 46. Kg1 Nxg4 47. Re8 Rc2 48. Nd5 f6 49. e4 Ne5 50. Rc8 Re2 51. Rc7 Kg8 52. Ne7+ Kf8 53. Nf5 Rc2 54. Rc8+ Kf7 55. Rc7+ Kf8 56. Rc8+ Kf7 57. Rc7+ Kf8 1/2-1/2

[Event "Cheliabinsk Variation-A"]
[Site "Cheliabinsk"]
[Date "2021.03.24"]
[Round "2"]
[White "Yudin, Sergei"]
[Black "Dubnikova, Anastasia"]
[Result "1-0"]
[WhiteElo "2484"]
[BlackElo "2154"]
[PlyCount "65"]
[EventDate "2021.03.23"]
[EventType "swiss"]
[EventRounds "10"]
[EventCountry "RUS"]
[SourceTitle "CBM 202 Extra"]
[Source "ChessBase"]
[SourceDate "2021.07.31"]
[SourceVersion "1"]
[SourceVersionDate "2021.07.31"]
[SourceQuality "1"]

1. e4 e6 2. d4 d5 3. Nd2 c5 4. Ngf3 Nc6 5. Bb5 a6 6. Bxc6+ bxc6 7. 0-0 Nf6 8. e5 Nd7 9. Re1 cxd4 10. Nxd4 c5 11. N4f3 Be7 12. c4 0-0 13. cxd5 exd5 14. Nf1 Nb6 15. Ng3 Be6 16. Nh5 d4 17. h3 d3 18. Qd2 Nc4 19. Qf4 d2 20. Nxd2 Bg5 21. Qg3 Nxd2 22. Bxd2 Qxd2 23. Rad1 Qc2 24. Qxg5 Qg6 25. Qh4 h6 26. f4 Qc2 27. Rd6 Rab8 28. b3 Rb4 29. Rxa6 Rd4 30. Kh2 Rfd8 31. Re3 Rd1 32. Rxe6 Qc1 33. Re1 1-0

[Event "Wch FIDE Online U16 Girls Europe qual"]
[Site "Tornelo INT"]
[Date "2020.12.09"]
[Round "6"]
[White "Dubnikova, Anastasia"]
[Black "Lomaia, Diana"]
[Result "1-0"]
[WhiteElo "2027"]
[BlackElo "1734"]
[PlyCount "107"]
[EventDate "2020.12.07"]
[EventType "swiss (rapid)"]
[EventRounds "7"]
[EventCountry "ISS"]
[SourceTitle "EXT 2022"]
[Source "ChessBase"]
[SourceDate "2021.10.06"]
[SourceVersion "1"]
[SourceVersionDate "2021.10.06"]
[SourceQuality "1"]

1. d4 d5 2. Nf3 Nf6 3. c4 dxc4 4. e3 e6 5. Bxc4 c5 6. 0-0 a6 7. Nc3 Nc6 8. a3 b5 9. Bd3 Be7 10. dxc5 Bxc5 11. b4 Be7 12. Bb2 0-0 13. Rc1 Bb7 14. Qe2 Qb6 15. Rc2 Rfd8 16. Rfc1 Rd7 17. Ne4 Nxe4 18. Bxe4 Na7 19. Ne5 Bxe4 20. Nxd7 Qd8 21. Rd2 Bd5 22. Qg4 f6 23. Nc5 Bxc5 24. Rxc5 Qe7 25. e4 Bc4 26. h3 Nc8 27. Qf3 Rb8 28. e5 f5 29. Qc6 Bd5 30. Qxa6 Nb6 31. Qxb5 Qb7 32. Rcxd5 Nxd5 33. Qxb7 Rxb7 34. g3 Kf7 35. Kf1 Rc7 36. Ke2 Nb6 37. Kd3 Na4 38. Bd4 Ke7 39. Rc2 Rd7 40. Ke3 Kd8 41. b5 Rb7 42. Rc4 Nb6 43. Bxb6+ Rxb6 44. a4 Kd7 45. Kd4 Rb8 46. Kc5 Kc7 47. a5 Kb7 48. Rd4 Rc8+ 49. Kb4 Rc7 50. a6+ Ka7 51. Ka5 Rc1 52. Rd7+ Kb8 53. Kb6 Kc8 54. Rxg7 1-0

[Event "Wch FIDE Online U16 Girls Europe qual"]
[Site "Tornelo INT"]
[Date "2020.12.08"]
[Round "3"]
[White "Tomasi, Elise"]
[Black "Dubnikova, Anastasia"]
[Result "1/2-1/2"]
[WhiteElo "1858"]
[BlackElo "2027"]
[PlyCount "121"]
[EventDate "2020.12.07"]
[EventType "swiss (rapid)"]
[EventRounds "7"]
[EventCountry "ISS"]
[SourceTitle "EXT 2022"]
[Source "ChessBase"]
[SourceDate "2021.10.06"]
[SourceVersion "1"]
[SourceVersionDate "2021.10.06"]
[SourceQuality "1"]

1. d4 f5 2. Nf3 Nf6 3. g3 e6 4. Bg2 d5 5. c4 c6 6. 0-0 Bd6 7. Nc3 0-0 8. Ne5 Qe7 9. f4 Nbd7 10. e3 Ne4 11. cxd5 exd5 12. Nxe4 fxe4 13. Bd2 Nf6 14. h3 Be6 15. Qe2 Nd7 16. Be1 a5 17. g4 Bb4 18. Bg3 Nxe5 19. dxe5 b6 20. Rac1 Bc8 21. Qc2 Bc5 22. Qd2 Ba6 23. Rfd1 a4 24. Qf2 Bc4 25. f5 Ra7 26. Bh4 Qxe5 27. Bg3 Qe7 28. Qf4 Bxa2 29. g5 Bc4 30. Kh2 Qf7 31. Rxc4 dxc4 32. Bxe4 a3 33. bxa3 Rxa3 34. Re1 Ra2+ 35. Kh1 Qh5 36. Bg2 Re2 37. Qxc4+ Kh8 38. Qxe2 Qxg5 39. Bf4 Qxf5 40. Qg4 Qf6 41. Be4 g6 42. Rd1 Rf7 43. Qg2 b5 44. Bxc6 b4 45. Bd5 Rd7 46. Qg3 Bd6 47. Bxd6 Rxd6 48. e4 Rd8 49. e5 Qf5 50. Qd3 Qxe5 51. Qb3 Qe2 52. Rc1 Qd2 53. Rc5 Qe1+ 54. Kg2 Qe2+ 55. Kg3 Rf8 56. Bf3 Qe1+ 57. Kg2 Qd2+ 58. Kh1 Qe1+ 59. Kg2 Qd2+ 60. Kh1 Qe1+ 61. Kg2 1/2-1/2